<?xml version="1.0" encoding="UTF-8"?>
<record
    xmlns:xsi="http://www.w3.org/2001/XMLSchema-instance"
    xsi:schemaLocation="http://www.loc.gov/MARC21/slim http://www.loc.gov/standards/marcxml/schema/MARC21slim.xsd"
    xmlns="http://www.loc.gov/MARC21/slim">

  <leader>00875cam a2200325 i 4500</leader>
  <controlfield tag="001">463188</controlfield>
  <controlfield tag="003">YEEZEN</controlfield>
  <controlfield tag="005">20260410141526.0</controlfield>
  <controlfield tag="008">221208s2022    ch     g      000 1 chi d</controlfield>
  <datafield tag="020" ind1=" " ind2=" ">
    <subfield code="a">9786269593842</subfield>
    <subfield code="q">(&#x5E73;&#x88DD;) :</subfield>
    <subfield code="c">NT$400</subfield>
  </datafield>
  <datafield tag="040" ind1=" " ind2=" ">
    <subfield code="b">chi</subfield>
    <subfield code="d">NHU</subfield>
    <subfield code="e">ccr</subfield>
    <subfield code="c">NHU</subfield>
  </datafield>
  <datafield tag="041" ind1="1" ind2=" ">
    <subfield code="a">chi</subfield>
    <subfield code="h">kor</subfield>
  </datafield>
  <datafield tag="042" ind1=" " ind2=" ">
    <subfield code="a">nbic</subfield>
  </datafield>
  <datafield tag="082" ind1=" " ind2=" ">
    <subfield code="a">862.57</subfield>
  </datafield>
  <datafield tag="084" ind1=" " ind2=" ">
    <subfield code="a">862.57</subfield>
  </datafield>
  <datafield tag="090" ind1=" " ind2=" ">
    <subfield code="a">862.57</subfield>
  </datafield>
  <datafield tag="100" ind1="1" ind2=" ">
    <subfield code="a">&#x91D1;&#x6D69;&#x7136;</subfield>
    <subfield code="e">&#x8457;</subfield>
  </datafield>
  <datafield tag="245" ind1="1" ind2="0">
    <subfield code="a">&#x4E0D;&#x4FBF;&#x5229;&#x7684;&#x4FBF;&#x5229;&#x5E97; :</subfield>
    <subfield code="b">&#xBD88;&#xD3B8;&#xD55C; &#xD3B8;&#xC758;&#xC810; /</subfield>
    <subfield code="c">&#x91D1;&#x6D69;&#x7136;(&#xAE40;&#xD638;&#xC5F0;)&#x8457; ; &#x9673;&#x54C1;&#x82B3;&#x8B6F;</subfield>
  </datafield>
  <datafield tag="246" ind1="3" ind2="0">
    <subfield code="a">&#xBD88;&#xD3B8;&#xD55C; &#xD3B8;&#xC758;&#xC810;</subfield>
  </datafield>
  <datafield tag="250" ind1=" " ind2=" ">
    <subfield code="a">&#x521D;&#x7248;</subfield>
  </datafield>
  <datafield tag="260" ind1=" " ind2=" ">
    <subfield code="a">&#x81FA;&#x5317;&#x5E02; :</subfield>
    <subfield code="b">&#x5BC2;&#x5BDE;,</subfield>
    <subfield code="c">2022.09</subfield>
  </datafield>
  <datafield tag="300" ind1=" " ind2=" ">
    <subfield code="a">303&#x9762; ;</subfield>
    <subfield code="c">21 &#x516C;&#x5206;</subfield>
  </datafield>
  <datafield tag="490" ind1="1" ind2=" ">
    <subfield code="a">Soul ;</subfield>
    <subfield code="v">047.</subfield>
  </datafield>
  <datafield tag="500" ind1=" " ind2=" ">
    <subfield code="a">&#x8B6F;&#x81EA; : &#xBD88;&#xD3B8;&#xD55C; &#xD3B8;&#xC758;&#xC810;</subfield>
  </datafield>
  <datafield tag="650" ind1=" " ind2="7">
    <subfield code="a">&#x5C0F;&#x8AAA;</subfield>
    <subfield code="2">lcstt.</subfield>
  </datafield>
  <datafield tag="700" ind1="1" ind2=" ">
    <subfield code="a">&#x9673;&#x54C1;&#x82B3;</subfield>
    <subfield code="e">&#x8B6F;</subfield>
  </datafield>
  <datafield tag="740" ind1="0" ind2=" ">
    <subfield code="a">&#xBD88;&#xD3B8;&#xD55C; &#xD3B8;&#xC758;&#xC810;</subfield>
  </datafield>
  <datafield tag="830" ind1=" " ind2="0">
    <subfield code="a">Soul ;</subfield>
    <subfield code="v">047.</subfield>
  </datafield>
  <datafield tag="942" ind1=" " ind2=" ">
    <subfield code="2">ccl</subfield>
    <subfield code="c">BOOK</subfield>
  </datafield>
  <datafield tag="999" ind1=" " ind2=" ">
    <subfield code="c">7705</subfield>
    <subfield code="d">7705</subfield>
  </datafield>
  <datafield tag="952" ind1=" " ind2=" ">
    <subfield code="0">0</subfield>
    <subfield code="1">0</subfield>
    <subfield code="2">ccl</subfield>
    <subfield code="4">0</subfield>
    <subfield code="7">0</subfield>
    <subfield code="a">yeezen</subfield>
    <subfield code="b">yeezen</subfield>
    <subfield code="c">YEEZEN</subfield>
    <subfield code="d">2026-04-10</subfield>
    <subfield code="l">0</subfield>
    <subfield code="o">862.57</subfield>
    <subfield code="p">C03288</subfield>
    <subfield code="r">2026-04-10 00:00:00</subfield>
    <subfield code="w">2026-04-10</subfield>
    <subfield code="y">BOOK</subfield>
    <subfield code="z">&#x4EBA;&#x751F;&#x5C31;&#x662F;&#x6703;&#x6709;&#x5F88;&#x591A;&#x4E0D;&#x4FBF;&#x5229;&#x3001;&#x4E0D;&#x8212;&#x670D;&#xFF0C; &#x9019;&#x9593;&#x6709;&#x9EDE;&#x6158;&#x6FB9;&#x7684;&#x4FBF;&#x5229;&#x5E97;&#xFF0C;&#x537B;&#x70BA;&#x6211;&#x5011;&#x6490;&#x8D77;&#x4E86;&#x9583;&#x9583;&#x767C;&#x5149;&#x7684;&#x7A7A;&#x9593;&#x2026;&#x2026;  &#x8271;&#x96E3;&#x6642;&#x523B;&#x7684;&#x5149;&#x4EAE;&#x4E4B;&#x66F8; &#x4E00;&#x9593;&#x4FBF;&#x5229;&#x5E97;&#xFF0C;&#x63A5;&#x901A;&#x4E86;&#x6211;&#x5011;&#x7684;&#x5E78;&#x798F;&#x4EBA;&#x751F;  &#x2605;&#x97D3;&#x570B;&#x5E74;&#x5EA6;&#x6700;&#x53D7;&#x6B61;&#x8FCE;&#x5C0F;&#x8AAA; &#x2605;&#x92B7;&#x552E;&#x7834;70&#x842C;&#x518A;&#xFF0C;25&#x500B;&#x90FD;&#x5E02;&#x7279;&#x9078;&#x5E74;&#x5EA6;&#x4E4B;&#x66F8; &#x2605;Yes24&#x5E74;&#x5EA6;&#x4E4B;&#x66F8;&#xFF0C;&#x97D3;&#x570B;&#x5404;&#x5927;&#x66F8;&#x5E97;&#x6392;&#x884C;&#x699C;&#x7E3D;&#x51A0;&#x8ECD;&#xFF0C;&#x53E3;&#x7891;&#x76F4;&#x8FFD;&#x300A;&#x6B61;&#x8FCE;&#x5149;&#x81E8;&#x5922;&#x5883;&#x767E;&#x8CA8;&#x300B;  &#x2605;&#x96FB;&#x5B50;&#x66F8;&#x5E73;&#x53F0;&#x300C;&#x7C73;&#x8389;&#x7684;&#x66F8;&#x9F4B;&#x300D;&#x5E74;&#x5EA6;&#x5716;&#x66F8;&#x7B2C;&#x4E8C;&#x540D; &#x2605;&#x97D3;&#x570B;&#x4E2D;&#x592E;&#x5716;&#x66F8;&#x9928;&#x9928;&#x54E1;&#x63A8;&#x85A6;&#x4E4B;&#x66F8; &#x2605;&#x552E;&#x51FA;&#x6CF0;&#x3001;&#x65E5;&#x3001;&#x7C21;&#x4E2D;&#x3001;&#x53F0;&#x7063;&#x3001;&#x8D8A;&#x5357;&#x3001;&#x5370;&#x5C3C;&#x7B49;&#x591A;&#x570B;&#x7248;&#x6B0A; &#x2605;&#x5F71;&#x8996;&#x6539;&#x7DE8;&#x71B1;&#x70C8;&#x9032;&#x884C;&#x4E2D;</subfield>
  </datafield>
</record>
